Landlocked Prefectures of Japan - Statistics

General Stats
  • This quiz has been taken 386 times
    381 since last reset
  • The average score is 7 of 8
Answers on the Map
Answers color-coded by a green-red scale on the quiz's map according to % correct below.
 
Answer Stats
Prefecture % Correct
Gunma
94%
Nagano
94%
Saitama
93%
Gifu
92%
Nara
90%
Tochigi
89%
Yamanashi
89%
Shiga
84%
No matching quizzes found
Score Distribution
Percent of People with Each Score
Percentile by Number Answered
Your Score History
You have not taken this quiz since the last reset